Selling today: (Record no. 158676)

MARC details
000 -LEADER
fixed length control field 00771nam a22002297a 4500
005 - DATE AND TIME OF LATEST TRANSACTION
control field 20181110163738.0
010 ## - LCCN (DPL NO)
LC control number ENG-124477
020 ## - INTERNATIONAL STANDARD BOOK NUMBER
International Standard Book Number 9789353060428
Terms of availability 699.00
035 ## - SYSTEM CONTROL NUMBER
System control number EN-108009
037 ## - SOURCE OF ACQUISITION
Source of stock number/acquisition DBAD/PUB
082 ## - DEWEY DECIMAL CLASSIFICATION NUMBER
Classification number 658.85
100 ## - MAIN ENTRY--PERSONAL NAME
Personal name Manning, Gerald
245 ## - TITLE STATEMENT
Title Selling today:
Statement of responsibility, etc by Gerald Manning; Michael Ahearne [and] Barry L. Reece
Remainder of title partnering to create value /
250 ## - EDITION STATEMENT
Edition statement 14th ed.
260 ## - PUBLICATION, DISTRIBUTION, ETC. (IMPRINT)
Place of publication, distribution, etc New Delhi
Name of publisher, distributor, etc Pearson
Date of publication, distribution, etc 2019
270 ## - ADDRESS
Address 14 Local Shopping Centre, Panchsheel Park
City New Delhi
Postal code 110017
300 ## - PHYSICAL DESCRIPTION
Extent xxxi,519p.
Dimensions 28cm. (pbk)
Other physical details ill. pic.
500 ## - GENERAL NOTE
General note It includes Endnotes, Glossary, Name Index and subject Index
700 ## - ADDED ENTRY--PERSONAL NAME
Personal name Ahearne, Michael
700 ## - ADDED ENTRY--PERSONAL NAME
Personal name Reece, Barry L.
942 ## - ADDED ENTRY ELEMENTS (KOHA)
Source of classification or shelving scheme Dewey Decimal Classification
Item type English Books
Classification part 658.85
Call number suffix MAN
Holdings
Withdrawn status Lost status Not for loan Collection code Home library Current library Date acquired Source of acquisition Cost, normal purchase price Full call number Barcode Copy number Cost, replacement price Koha item type
    Not For Loan Non-fiction D.B.Act.Division Bawana 13/11/2018 DBAD/PUB 699.00 658.85 MAN EN-108009 1 699.00 English Books

© Delhi Public Library
Hit Counter
free hit counter